El Problema solidarista y la respuesta sindical en Centroamérica; Capítulo 1: Caracterización del fenómero solidarista y sus repercusiones sindicales
Comentario sobre las posibles causas del desarrollo del movimiento solidarista en Costa Rica y Centroamérica. Para el autor, durante la década de los años ochenta, con el deterioro de la situación económica y la crisis del planteamiento económico y social estatista, pierde popularidad el movimiento...
Na minha lista:
| Autores corporativos: | , |
|---|---|
| Formato: | Desconhecido |
| Publicado em: |
Heredia:
ASEPROLA; CEDAL
|
| Assuntos: | |
| Tags: |
Adicionar Tag
Sem tags, seja o primeiro a adicionar uma tag!
|
MARC
| LEADER | 00000 a2200000 04500 | ||
|---|---|---|---|
| 001 | 10163 | ||
| 003 | |||
| 008 | 991231s d | ||
| 040 | |||
| 090 | |a 135201 | ||
| 110 | |a Asociación Servicios de Promoción Laboral | ||
| 245 | |a El Problema solidarista y la respuesta sindical en Centroamérica; Capítulo 1: Caracterización del fenómero solidarista y sus repercusiones sindicales |a Asociación Servicios de Promoción Laboral | ||
| 260 | |a Heredia: |b ASEPROLA; CEDAL | ||
| 300 | |a 162 p | ||
| 520 | |a Comentario sobre las posibles causas del desarrollo del movimiento solidarista en Costa Rica y Centroamérica. Para el autor, durante la década de los años ochenta, con el deterioro de la situación económica y la crisis del planteamiento económico y social estatista, pierde popularidad el movimiento sindical, aunado a esto, se da una serie de debilidades en la estructura sindical que internamente condicionan su imagen y efectos como: división sindical, inexistencia de conciencia sindical y débil presencia sindical en los sectores productivos de la economía nacional. Por otra parte, los factores que consolidan el solidarismo son: el proceso de desestatización y privatización de la economía, el tener como soporte al sector gubernamental, los partidos políticos mayoritarios, la prensa nacional y la jerarquía de la Iglesia Católica. Se concluye que la capacidad de fuerza del sindicalismo se encuentra condicionada mientras se mantenga atomizada, en desunión, mientras que el sector empresarial neo-liberal cobra mayor vigencia. SBR/SBR | ||
| 650 | |a MOVIMIENTO SOLIDARISTA | ||
| 650 | |a ORGANIZACION DE TRABAJADORES | ||
| 650 | |a ASOCIACIONES SOLIDARISTAS | ||
| 650 | |a SINDICATOS | ||
| 650 | |a TRABAJO | ||
| 710 | |a Centro de Estudios Democráticos de América Latina | ||
| 999 | |c 7686 |d 7686 | ||
